| 000 | 00938cam a22002533a 4500 | ||
|---|---|---|---|
| 001 | 17584 | ||
| 003 | PGUSA | ||
| 005 | 20140828083356.0 | ||
| 008 | 060123s2006||||xxu|||||s|||||000 | eng d | ||
| 040 |
_aPGUSA _beng |
||
| 042 | _adc | ||
| 050 | 4 | _aD501 | |
| 100 | 1 |
_aPalmer, Robert Stafford Arthur, _d1888-1916 |
|
| 245 | 1 | 0 |
_aLetters from Mesopotamia in 1915 and January, 1916 : _bFrom Robert Palmer, who was killed in the Battle of Um El Hannah, June 21, 1916, aged 27 years _h[electronic resource] / _cRobert Stafford Arthur Palmer |
| 260 |
_bProject Gutenberg, _c2006 |
||
| 506 | _aPublic domain in the USA. | ||
| 516 | _aElectronic text | ||
| 653 | _aWorld War, 1914-1918 -- Personal narratives, British | ||
| 653 | _aSoldiers -- Great Britain -- Correspondence | ||
| 653 | _aWorld War, 1914-1918 -- Campaigns -- Iraq | ||
| 830 | 0 |
_aProject Gutenberg _v17584 |
|
| 856 | 4 | 0 | _uhttp://www.gutenberg.org/ebooks/17584 |
| 942 | _cEB | ||
| 999 |
_c246839 _d246839 |
||